000 00729nam a2200289Ia 4500
005 20260324135530.0
008 008 260324s9999 xx 000 0 eng d
020 _a9781315790800
037 _aEBOOK
040 _aCRL
040 _beng
040 _cCRL
041 _2eng
041 _aeng
084 _qCRL
100 _aLeigh David Benin
_91200966
245 4 _aThe New Labor Radicalism and New York City's Garment Industry
245 0 _bProgressive Labor Insurgents During the 1960s
260 _bTaylor and Francis
260 _c2000
365 _a
365 _b220
856 _uhttp://www.taylorfrancis.com/books/9781315790800
942 _cEBOOK
999 _c1802110
_d1802110